| 000 | 00742nam a22001937a 4500 | ||
|---|---|---|---|
| 999 |
_c5590 _d5590 |
||
| 003 | AR-CdUCM | ||
| 008 | 190312b ||||| |||| 00| 0 esp d | ||
| 040 |
_aMUNICIPALIDAD PROVINCIAL DEL CUSCO _cBIBLIOTECA MUNICIPAL DEL CUSCO |
||
| 082 |
_a689.622 / _bB28 |
||
| 100 |
_aBautista, Aguirre Juan _916726 |
||
| 245 |
_aPoesía y obras oratorias / _cJuan Bautista Aguirre |
||
| 260 |
_aQuito : _bConsejo editorial de honor, _c1943. |
||
| 300 |
_a145 paginas ; _c17 cm. |
||
| 505 | _aA unas tórtolas -- Soneto moral -- Carta a Lizardo -- Descripción del mar de Venus -- Canción heroica -- Águila obispo de Quito ... | ||
| 650 |
_aLiteratura ecuatoriana _911889 |
||
| 650 |
_aPoesías ecuatorianas _9346 |
||
| 942 |
_2ddc _cLIBROS |
||
| 945 | _aacrt | ||